00374nam a2200145Ia 4500008004100000041000800041082001600049100002100065245004500086260002500131300002700156365001600183500001000199700001900209230718s9999 xx 000 0 und d aeng a004.678bMC aMc Cormack M. H. aWhat You Will Near Learn On The Internet c2000bHarper And Rao a218dRef 705 C (11604) cRs.b901.25 a705 C aMc Cormack M H